One Punch Man Personnages par Images - Statistiques

Statistiques générales
  • Ce quiz a été pris 52 fois
    35 depuis la dernière actualisation
  • Le résultat moyen est 39 sur 280
Statistiques - réponses
Par images Réponse % Correct
Saitama / Chauve Capé
97%
Genos / Démon Cyborg
86%
Croc d'Argent / Bang
62%
Garoh
62%
King
62%
Boros
55%
Chien de Garde-Man
55%
Sonic
55%
Zombiman
55%
Flashy Flash / Flash
52%
Batte-Man / Batte
48%
Pri-Pri Prisonnier
48%
Roulette Rider
48%
Vaccine-Man
48%
Atomic Samouraï / Kamikaze
45%
Metal Knight / Bofoy
45%
Petit Empereur
45%
Tatsu
45%
Bogosse trop Craquant Masqué
41%
Fubuki
41%
Pur Porc
41%
Super Black Brillant
41%
Tatsumaki
41%
Master Marcel
38%
Orochi
38%
Roi des Profondeurs
38%
Scaravageur
38%
Tiger Marcel
38%
Bomb
34%
Mecavalier
34%
Blast
31%
Dieu
31%
Mousmétique
31%
Phénix
31%
Stinger
31%
Suiryû
31%
Ananasman
28%
Carniplante
28%
Charanko
28%
Éclairomax / Max
28%
Golden Ball
28%
Grand Scolopendre Patriarche
28%
Mâchoire
28%
Miaou
28%
Monstroterres
28%
Moustachute
28%
Princesse Supersado
28%
Roi des Fauves
28%
Roi des Monstroterres
28%
Blackhole Marcel
24%
Genus
24%
Mutant
24%
Noirozoïde
24%
Psychopoulpe
24%
Psykos
24%
Smile-Man
24%
Bakuzan
21%
Death-Gatling
21%
Drakul
21%
Grand Rex
21%
Mutatron
21%
Rhino-Féroce
21%
Scrutt
21%
Tête d'Enclume
21%
Travestoc
21%
Vipaire au Poing
21%
Blue Fire
17%
Capitaine Mizuki
17%
Choze
17%
Colonel Gorille
17%
Commandant Cheum
17%
Crabotaure
17%
Cyborgorilla
17%
Divinsecte
17%
Dragotaupe
17%
Faucils
17%
G5
17%
Genji
17%
Iaïron
17%
Médusalgues
17%
Roi des Cieux
17%
Sécatoroi
17%
Volten
17%
Angry-Man
14%
Baurgne
14%
Binocle
14%
Chenapon
14%
Dark
14%
Empereur Vanupieds
14%
Falot
14%
Flame
14%
Girl Marcel
14%
Glimace
14%
Goldokorn
14%
Green
14%
Grimasse
14%
Kidob
14%
Ling Ling
14%
Lucif'Hair
14%
Magicman
14%
Mante le Joli
14%
McCoy
14%
Morveduse
14%
Narcissik
14%
Nin-Nin
14%
One-Shot
14%
Pan Pan
14%
Platinozoïde
14%
Poison
14%
Suiko
14%
Swim
14%
Sytch
14%
Ténébrolame
14%
Unicorne
14%
Vegetarian Marcel
14%
Wind
14%
Aigle
10%
Air
10%
Al Dente Marcel
10%
Aspiratueur
10%
Bouffi
10%
Bushidozer
10%
Cancrelatte
10%
Crapaucheur
10%
Crap-Homme
10%
Épervier
10%
Faucon
10%
Feather
10%
Forte
10%
G4
10%
Gatling / Gatlin
10%
Goldozoïde / Dorézoïde
10%
Groponey
10%
Heavy Kong
10%
Jakmen
10%
Jet Nice Guy
10%
Lili
10%
Macak
10%
Maléfiquœil
10%
Maous
10%
Needlestar
10%
Nonos
10%
Pabrika
10%
Papillon DX
10%
Phénix Réincarné
10%
Psychodroïde
10%
Puantor
10%
Racer Marcel
10%
Redpif
10%
Ridma
10%
Rockabilly Marcel
10%
Safranne
10%
Scolopendre Aînée
10%
Shooter
10%
Soja Maigrelet
10%
Sourcilune
10%
Tank-Tanga
10%
Tronshdeuk
10%
Vautour
10%
Zenko
10%
Anèthe
7%
Barbane
7%
Bretelles Macabres
7%
Cadre Blindé
7%
Champignak
7%
Choupette
7%
Coupe-Tête
7%
Crapaud-Taureau
7%
Double Impact
7%
Eztragon
7%
Frag
7%
Gamin avec un Menton Fendu Comme un Cul
7%
Gominator
7%
Grande Scolopendre Ermite
7%
Hamkichi
7%
Léviatank
7%
Mentaï
7%
Mirette
7%
Mohican
7%
Moustiep
7%
Ouragane
7%
Poisson Charge
7%
Reptilangue
7%
Scolopendre Junior
7%
Soprate
7%
Super-Mouse
7%
Swimmer Marcel
7%
Terry Peach
7%
Zakos
7%
Zanbaï
7%
Basilik
3%
Benpatsu
3%
Bonhomme de Neige Géant
3%
Boucher
3%
Cigadulte Âgé de 170000 Ans
3%
Cigalarve Âgé de 170000 Ans
3%
Destrochloridium
3%
Diableau de Mer
3%
Dynamitor
3%
Eau Minérale Naturelle Dévian
3%
Épaulettes
3%
Haragiri
3%
Hatter Marcel
3%
Jungle Marcel
3%
Kuma
3%
Les Frères Tempête
3%
Maiko Plasma
3%
Mask Marcel
3%
Saturne-man
3%
Studless
3%
Suichô
3%
Ventilatueur
3%
Baboum
0%
Batterie-man
0%
Bouba
0%
Bouffalo
0%
Boumboum-Man
0%
Bushaw
0%
Calinou
0%
Carapadon
0%
Carnipoulpe
0%
Casse-Dalle
0%
Cautus
0%
Chaperange
0%
Cléopâtre
0%
Cochon Tirelire
0%
Crying-Man
0%
Démarron
0%
Diplôman
0%
Dolgeba
0%
Doll Master
0%
Dynamite-man
0%
Effluve Master
0%
Exma
0%
Fildelamp
0%
Frelon Rose
0%
Futoshi Boustifaille
0%
Galoche
0%
Gasmask Cowboy
0%
Gigaroc
0%
Gobritch
0%
Grassous
0%
Grave 8
0%
Grisbi
0%
Grobinet
0%
Hacker Net
0%
Homme-Araignée
0%
Homo Apwalus
0%
Hyottoko
0%
Jaguar
0%
Jinzren
0%
John le Destructeur
0%
Kiprie
0%
Lapin
0%
Léo
0%
Les Trois Corneilles
0%
Logic
0%
Maléfixe
0%
Marteau à Viande
0%
Mister Joe
0%
Mistigrizzly
0%
Monocross
0%
Morphal
0%
Nathalie V9
0%
Pad-Man
0%
Poussinet
0%
Radiable
0%
Raptra
0%
Red Boule
0%
Reptra
0%
Rupin
0%
Sauley
0%
Sésane
0%
Shell Chopeur
0%
Super Soaker
0%
Tigrette
0%
Torréfacteur
0%
Tranchoir Satanas
0%
Trappeur
0%
Trionyx
0%
Aucun quiz correspondant
Distribution des résultats
% des personnes avec chaque résultat
Percentile par nombre de réponses
Votre historique - résultats
Vous n’avez pas pris ce quiz depuis la dernière actualisation